| 000 | 00457nam a22001457a 4500 | ||
|---|---|---|---|
| 008 | 160226b xxu||||| |||| 00| 0 eng d | ||
| 020 | _a9781856073875 | ||
| 050 | _aBX 2340.7.O3855 2002 | ||
| 100 |
_aO'Halloran, James _922519 |
||
| 245 |
_aSmall christian communities _bvision and practicalities _cJames O'Halloran |
||
| 260 |
_aDublin _bColumba Press _c2002 |
||
| 300 |
_a286p. ; _c22cm. |
||
| 650 |
_aChristian communities _97307 |
||
| 942 |
_2lcc _cMONOGRAPH |
||
| 999 |
_c124231 _d124231 |
||